000 00655nam a2200241 i 4500
001 C2-0123819
003 PPAK
005 20180727114621.0
008 970904s1995 enka|||| ||||| | eng d
020 _a074454100X
040 _aPPAK
_beng
_cPPAK
_erda
082 0 4 _a823
_223
090 0 0 _a823
_bSMI
_dK
100 1 _aSmith, Derek,
_eauthor
245 1 4 _aThe magicial world of Lucy - Anne
264 1 _aLondon :
_bWalker Books ,
_c1995
300 _a80 pages :
_billustrations ;
_c20 cm
336 _2rdacontent
_atext
337 _2rdamedia
_aunmediated
338 _2rdacarrier
_avolume
650 1 0 _aChildren's stories, English
942 _ddc
_cB
999 _c36267
_d36267